| 000 | 00693nam a2200229 u 4500 | ||
|---|---|---|---|
| 005 | 20240919064614.0 | ||
| 008 | 150602s2006 r 000 0 eng d | ||
| 020 | _a9789682326448 | ||
| 035 | _aUPN01000203985 | ||
| 049 | _aCG | ||
| 050 | 4 |
_aGF50 _bL4.2 |
|
| 100 | 1 |
_aLeff, Enrique _928977 |
|
| 245 | 1 | 0 |
_aAventuras de la epistemología ambiental : _bde la articulación de ciencias al diálogo de saberes / _cEnrique Leff. |
| 260 |
_aMéxico : _bSiglo XXI, _c2006. |
||
| 300 | _a139 p. | ||
| 440 | 0 | _aAmbiente y democracia | |
| 650 | 2 |
_aEcología humana _97042 |
|
| 650 | 4 |
_aDesarrollo sustentable _94974 |
|
| 650 | 4 |
_aEducación ambiental _94338 |
|
| 905 | _aLibro | ||
| 999 |
_c176086 _d176086 |
||